<?xml version="1.0" encoding="UTF-8"?>
<collection xmlns="http://www.loc.gov/MARC21/slim">
 <record>
  <leader>00572pamaa2200157   4500</leader>
  <controlfield tag="001">0000043787</controlfield>
  <controlfield tag="005">20130626090000.0</controlfield>
  <controlfield tag="008">080606                             eng  </controlfield>
  <datafield tag="090" ind1="0" ind2="0">
   <subfield code="a">HM585 </subfield>
   <subfield code="b">NIP 2007</subfield>
  </datafield>
  <datafield tag="110" ind1="1" ind2="0">
   <subfield code="a">Nippon Foundation</subfield>
  </datafield>
  <datafield tag="245" ind1="1" ind2="0">
   <subfield code="a">Reflection on the human condition : </subfield>
   <subfield code="b">change, conflict and modernity : </subfield>
   <subfield code="b">change, conflict and modernity : </subfield>
   <subfield code="b">the work of the 2004/2005 API fellows  </subfield>
   <subfield code="c">Nippon Foundation.</subfield>
  </datafield>
  <datafield tag="260" ind1="0" ind2="0">
   <subfield code="a">Tokyo: </subfield>
   <subfield code="b">The Nippon Foundation, </subfield>
   <subfield code="c">2007.</subfield>
  </datafield>
  <datafield tag="300" ind1=" " ind2=" ">
   <subfield code="a">439p: </subfield>
   <subfield code="b">ill.; </subfield>
   <subfield code="c">24 cm.</subfield>
  </datafield>
  <datafield tag="501" ind1="0" ind2="0">
   <subfield code="a">Library</subfield>
  </datafield>
  <datafield tag="650" ind1="0" ind2="0">
   <subfield code="a">Sociology </subfield>
  </datafield>
  <datafield tag="901" ind1=" " ind2=" ">
   <subfield code="u">www.nippon-foundation.or.jp</subfield>
  </datafield>
 </record>
</collection>
